Gares sur la ligne de Nevers à Clermont-Ferrand - Statistiques

Statistiques générales
  • Ce quiz a été pris 56 fois
  • Le résultat moyen est 7 sur 13
Statistiques - réponses
Département Gare % Correct
Puy-de-Dôme (63) Clermont-Ferrand
94%
Nièvre (58) Nevers
94%
(03) Moulins-sur-Allier
88%
Puy-de-Dôme (63) Riom - Châtel-Guyon
88%
Allier (03) Vichy
88%
(63) Gerzat
53%
(03) Saint-Germain-des-Fossés
45%
(03) Varennes-sur-Allier
45%
(58) Saincaize
37%
(03) Bessay
35%
Allier (03) Villeneuve-sur-Allier
33%
Nièvre (58) Chantenay-Saint-Imbert
16%
(58) Saint-Pierre-le-Moûtiers
16%
Aucun quiz correspondant
Distribution des résultats
% des personnes avec chaque résultat
Percentile par nombre de réponses
Votre historique - résultats
Vous n’avez pas pris ce quiz